আদিম সৈকতে। (Record no. 4565)
[ view plain ]
| 000 -LEADER | |
|---|---|
| fixed length control field | 00520nam a2200145Ia 4500 |
| 008 - FIXED-LENGTH DATA ELEMENTS--GENERAL INFORMATION | |
| fixed length control field | 151213s9999 xx 000 0 und d |
| 100 ## - MAIN ENTRY--PERSONAL NAME | |
| Personal name | ুদিলওয়ার হাসান। |
| 245 ## - TITLE STATEMENT | |
| Title | আদিম সৈকতে। |
| Statement of responsibility, etc. | ুদিলওয়ার হাসান। |
| 260 ## - PUBLICATION, DISTRIBUTION, ETC. (IMPRINT) | |
| Place of publication, distribution, etc. | ঢাকা |
| Name of publisher, distributor, etc. | কাশবন প্রকাশন। |
| Date of publication, distribution, etc. | 2000 |
| 300 ## - PHYSICAL DESCRIPTION | |
| Extent | 8780 p. |
| 650 ## - SUBJECT ADDED ENTRY--TOPICAL TERM | |
| Topical term or geographic name as entry element | Bangla |
| 650 ## - SUBJECT ADDED ENTRY--TOPICAL TERM | |
| Topical term or geographic name as entry element | গল্পগ্রন্থ |
| 700 ## - ADDED ENTRY--PERSONAL NAME | |
| Personal name | ুদিলওয়ার হাসান। |
No items available.
